000 00486nam a2200193 a 4500
001 23381
005 20180713221435.0
008 140415s1988 mx 000 0 spa d
020 _a9681318730
041 _aspa
082 _a320
_bCRU
100 1 _aCRUZ ZAPATA, RAUL
245 1 0 _aCARLOS A. MADRAZO BIOGRAFIA POLITICA
250 _a1a ed.
260 _aMEXICO :
_bDIANA,
_c1988
300 _a139
650 1 4 _aPOLITICA
700 1 _aPEREZ DIAZ, ALFREDO
_eprĂ³l.
999 _c23381
_d23381